000
00224nam a2200097Ia 4500
008
190216s9999||||xx |||||||||||||| ||und||
100
_a
Dr.Jos K Mangaly
245
0
_a
Sasya Anatomy
260
_b
Kerala Basha Inst
942
_c
BK
999
_c
37598
_d
37598